The money lenders (Record no. 51612)

MARC details
000 -LEADER
fixed length control field 00650nam a2200193 a 4500
008 - FIXED-LENGTH DATA ELEMENTS--GENERAL INFORMATION
fixed length control field 120416s1988 ||||||||||||||||| || u
020 ## - INTERNATIONAL STANDARD BOOK NUMBER
International Standard Book Number 0340486155
050 ## - LIBRARY OF CONGRESS CALL NUMBER
Classification number HG 3881 Sam
100 ## - MAIN ENTRY--PERSONAL NAME
Personal name Sampson, Anthony
245 14 - TITLE STATEMENT
Title The money lenders
246 ## - VARYING FORM OF TITLE
Title proper/short title bankers in a dangerous world
260 ## - PUBLICATION, DISTRIBUTION, ETC.
Place of publication, distribution, etc. Kent
Name of publisher, distributor, etc. Coronet Books
Date of publication, distribution, etc. 1988
300 ## - PHYSICAL DESCRIPTION
Extent 385p.
350 ## - PRICE (NR) (BK AM CF MU VM SE) [OBSOLETE]
Price 0.00
650 ## - SUBJECT ADDED ENTRY--TOPICAL TERM
Topical term or geographic name entry element BANKS AND BANKING--DEVELOPING COUNTRIES
650 ## - SUBJECT ADDED ENTRY--TOPICAL TERM
Topical term or geographic name entry element BANKERS
650 ## - SUBJECT ADDED ENTRY--TOPICAL TERM
Topical term or geographic name entry element BANKS AND BANKING--INTERNATIONAL
995 ## - RECOMMENDATION 995 [LOCAL, UNIMARC FRANCE]
-- 0.00
-- CBU-MAIN LIBRARY (Kitwe)
-- 1
-- 4.50
-- 1
-- AVAILABLE
-- Annex Low-Usage Collection
Holdings
Withdrawn status Lost status Source of classification or shelving scheme Damaged status Not for loan Home library Current library Shelving location Date acquired Total Checkouts Full call number Barcode Date last seen Price effective from Koha item type
          CBU-MAIN LIBRARY, KITWE. CBU-MAIN LIBRARY, KITWE.   11/30/2022   HG 3881 Sam 008014 11/30/2022 11/30/2022 MONOGRAPH